| 000 | 01314pam a2200361 a 4500 | ||
|---|---|---|---|
| 999 |
_c7581 _d7581 |
||
| 001 | 3090315 | ||
| 003 | OSt | ||
| 005 | 20200113095614.0 | ||
| 008 | 980925s1999 nyua b 001 0 eng | ||
| 010 | _a 98045357 | ||
| 020 | _a0202361152 (cloth : alk. paper) | ||
| 020 | _a0202361160 (paper : alk. paper) | ||
| 020 | _a9780202361161 | ||
| 040 |
_aDLC _coclc _dDLC |
||
| 050 | 0 | 0 |
_aHM51 _b.A54 1999 |
| 082 | 0 | 0 |
_a301.1 _221 _bAND/H |
| 100 |
_aAnderson, Ralph E _91133 |
||
| 245 | 1 | 0 |
_aHuman behavior in the social environment : _bA social systems approach / _cRalph E. Anderson ; Irl Carter ; Gary R. Lowe. |
| 250 | _a5th ed. | ||
| 260 |
_aNew York : _bAldine De Gruyter, _cc1999. |
||
| 300 |
_axxi, 308 p. : _bill. ; _c24 cm. |
||
| 440 | 0 | _aModern applications of social work | |
| 504 | _aIncludes bibliographical references (p. [271]-284) and indexes. | ||
| 650 | 0 | _aSocial systems. | |
| 650 | 0 | _aSocial institutions. | |
| 650 | 0 | _aHuman behavior. | |
| 700 | 1 | _aCarter, Irl E. | |
| 700 | 1 |
_aLowe, Gary, _d1943- |
|
| 906 |
_a7 _bcbc _corignew _d1 _eocip _f19 _gy-gencatlg |
||
| 942 |
_2ddc _cBK _h301.1 _iAND/H _k301.1 _mAND/H |
||